[Event "83rd ch-FRA National B"]
[Site "Pau FRA"]
[Date "2008.08.11"]
[Round "1"]
[White "Vitoux,C"]
[Black "Le Roux,JP"]
[Result "1/2-1/2"]
[WhiteElo "2454"]
[BlackElo "2490"]
[EventDate "2008.08.11"]

1. e4 e5 2. d4 exd4 3. Nf3 Nc6 4. Nxd4 Bc5 5. Be3 Qf6 6. c3 Nge7 7. g3 O-O
8. Bg2 Ne5 9. Nc2 Bxe3 10. Nxe3 Qb6 11. Qe2 Qxb2 12. Qxb2 Nd3+ 13. Kd2 Nxb2
14. a4 d5 15. Kc2 Nc4 16. Nxc4 dxc4 17. Na3 Be6 18. f4 f6 19. Bf1 Nc6 20.
Bxc4 Rfe8 21. Rhe1 a6 22. Rad1 Kf8 23. Bxe6 Rxe6 24. Rd7 Re7 25. Rxe7 Kxe7
26. Nc4 Re8 1/2-1/2

[Event "83rd ch-FRA National B"]
[Site "Pau FRA"]
[Date "2008.08.11"]
[Round "1"]
[White "Kosten,A"]
[Black "Bricard,E"]
[Result "1/2-1/2"]
[WhiteElo "2507"]
[BlackElo "2453"]
[EventDate "2008.08.11"]

1. c4 c5 2. Nc3 g6 3. g3 Bg7 4. Bg2 Nc6 5. e3 Bxc3 6. bxc3 d6 7. d3 Qd7 8.
e4 b6 9. Ne2 Bb7 10. O-O O-O-O 11. Be3 h5 12. h3 e6 13. Nc1 f5 14. f3 Qg7
15. Qd2 Nf6 16. Nb3 Rhg8 17. Bh6 Qf7 18. a4 Nh7 19. h4 g5 20. hxg5 Qg6 21.
exf5 exf5 22. f4 Nf6 23. Rae1 Ng4 24. Bd5 h4 25. Qg2 Kc7 26. Re6 Qh5 27.
Qh3 Bc8 28. Ree1 Nxh6 29. Bxg8 Nxg8 30. Qxh4 Qf7 31. Re3 Nge7 32. Nd2 Ng6
33. Qh5 Rh8 34. Qe2 Qg7 35. Rc1 Rh3 36. Nf1 Qh7 37. Nh2 Bb7 38. Rc2 Nd8 39.
a5 bxa5 40. d4 Be4 41. Ra2 Nb7 42. dxc5 Nxc5 43. Rxa5 a6 44. Qf2 Kc6 45.
Re2 Qf7 46. Rb2 Qxc4 47. Qe3 Ne7 48. Rb4 Nd5 49. Rxc4 Nxe3 50. Rcxc5+ dxc5
51. Rxa6+ Kd5 52. Rh6 Rxg3+ 53. Kf2 Rg2+ 54. Kxe3 Kc4 55. Rh3 Kxc3 56. Nf1
c4 57. Ng3 Kb2 58. Rh8 Kc1 59. Rc8 Kb1 60. Ra8 Bd3 61. Ra1+ 1/2-1/2

[Event "83rd ch-FRA National B"]
[Site "Pau FRA"]
[Date "2008.08.11"]
[Round "1"]
[White "Govciyan,P"]
[Black "Lazarev,V"]
[Result "1-0"]
[WhiteElo "2411"]
[BlackElo "2482"]
[EventDate "2008.08.11"]

1. c4 e6 2. Nf3 d5 3. d4 Nf6 4. g3 Bb4+ 5. Nbd2 O-O 6. Bg2 b6 7. O-O Bb7 8.
Qc2 Nbd7 9. b3 a5 10. a3 Be7 11. Bb2 a4 12. b4 dxc4 13. Nxc4 Be4 14. Qd1 c5
15. b5 Qc7 16. Nfe5 Bxg2 17. Kxg2 Nxe5 18. dxe5 Rfd8 19. Qc2 Qb7+ 20. f3
Ne8 21. Rab1 h5 22. Kf2 Nc7 23. Bc3 Nd5 24. Ba1 f5 25. exf6 Bxf6 26. Bxf6
gxf6 27. Rbd1 Qh7 28. e4 h4 29. Kg2 hxg3 30. hxg3 Nc7 31. Nxb6 Rab8 32.
Qxc5 Qf7 33. Rxd8+ Rxd8 34. Nxa4 e5 35. Nc3 Ne6 36. Qf2 Rd3 37. Nd5 Nd4 38.
b6 Rxf3 39. Qxf3 Nxf3 40. Rxf3 Qb7 41. Kf2 Qa6 42. Rb3 Qc4 43. Rb4 Qc2+ 44.
Ke3 Qc1+ 45. Kd3 Qxa3+ 46. Kc4 Qa6+ 47. Kb3 Qb7 48. Nxf6+ Kf7 49. Nd5 Ke6
50. Ne3 Kd6 51. Nc4+ Ke6 52. Na5 Qd7 53. b7 Qd3+ 54. Ka4 Qd7+ 55. Rb5 Qd4+
56. Rb4 Qd7+ 57. Ka3 Qd3+ 58. Nb3 Qa6+ 59. Ra4 Qb6 60. Ra8 Qd6+ 61. Kb2 1-0

[Event "83rd ch-FRA National B"]
[Site "Pau FRA"]
[Date "2008.08.11"]
[Round "1"]
[White "Collas,D"]
[Black "Shoker,S"]
[Result "1/2-1/2"]
[WhiteElo "2439"]
[BlackElo "2365"]
[EventDate "2008.08.11"]

1. e4 g6 2. d4 Bg7 3. Nc3 d6 4. f4 Nc6 5. Be3 Nf6 6. Nf3 e6 7. Qd2 Ne7 8.
Bd3 b6 9. h3 Bb7 10. O-O h6 11. Qe1 d5 12. e5 a6 13. Rd1 b5 14. Ra1 Bc8
1/2-1/2

[Event "83rd ch-FRA National B"]
[Site "Pau FRA"]
[Date "2008.08.11"]
[Round "1"]
[White "Edouard,R"]
[Black "Benitah,Y"]
[Result "1/2-1/2"]
[WhiteElo "2508"]
[BlackElo "2416"]
[EventDate "2008.08.11"]

1. e4 c5 2. Nf3 d6 3. d4 cxd4 4. Nxd4 Nf6 5. Nc3 a6 6. Be3 e6 7. a4 Nc6 8.
Bd3 Be7 9. O-O O-O 10. Kh1 e5 11. Nf3 Be6 12. Ng5 Bg4 13. Be2 Bxe2 14. Qxe2
h6 15. Nf3 Qd7 16. Rfd1 Rac8 17. Nh4 Qg4 18. Qxg4 Nxg4 19. Nf5 Nxe3 20.
Nxe3 Nd4 21. Ncd5 Bd8 22. c3 Nb3 23. Ra3 Nc5 24. f3 g6 25. a5 f5 26. b4 Ne6
27. exf5 gxf5 28. g4 fxg4 29. fxg4 Kh7 30. Nf5 Rc6 31. Rb3 Rf7 32. c4 Kg6
33. b5 axb5 34. cxb5 Rc5 35. a6 bxa6 36. b6 Rb7 37. Nxd6 Rb8 38. Re3 Bxb6
39. Rxe5 Ng7 40. Ne4 Rb5 41. Nf4+ 1/2-1/2

[Event "83rd ch-FRA National B"]
[Site "Pau FRA"]
[Date "2008.08.12"]
[Round "2"]
[White "Lazarev,V"]
[Black "Collas,D"]
[Result "1/2-1/2"]
[WhiteElo "2482"]
[BlackElo "2439"]
[EventDate "2008.08.11"]

1. d4 d5 2. c4 e6 3. Nf3 Nf6 4. g3 dxc4 5. Qa4+ Nbd7 6. Qxc4 a6 7. Bg2 b5
8. Qc6 Rb8 9. Bf4 Nd5 10. Bg5 Be7 11. Bxe7 Qxe7 12. Nc3 Nb4 13. Qxc7 Nc2+
14. Kd1 Nxa1 15. Ne5 Qd8 16. Qxd8+ Kxd8 17. Nc6+ Kc7 18. Nxb8 Nb6 19. Nc6
Bb7 20. d5 Bxc6 21. dxc6 b4 22. Ne4 b3 23. axb3 Rd8+ 24. Kc1 Nxb3+ 25. Kb1
Nc4 26. Ka2 Nca5 27. e3 h6 28. Ka3 Rb8 29. Rd1 Nc4+ 30. Ka2 Nba5 31. Rb1
Nxc6 32. b3 Nb4+ 33. Ka1 Nc2+ 34. Ka2 Nb4+ 1/2-1/2

[Event "83rd ch-FRA National B"]
[Site "Pau FRA"]
[Date "2008.08.12"]
[Round "2"]
[White "Bricard,E"]
[Black "Govciyan,P"]
[Result "1/2-1/2"]
[WhiteElo "2453"]
[BlackElo "2411"]
[EventDate "2008.08.11"]

1. c4 g6 2. Nc3 Bg7 3. g3 e5 4. Bg2 d6 5. d3 f5 6. Nf3 Nf6 7. O-O O-O 8.
Rb1 h6 9. b4 Nc6 10. b5 Ne7 11. Nd2 g5 12. Qb3 Kh8 13. Ba3 f4 14. c5 Nf5
15. cxd6 cxd6 16. Rfc1 Ng4 17. Nde4 fxg3 18. hxg3 Nd4 19. Qd1 Qe8 20. f3
Ne3 21. Qd2 Nxg2 22. Kxg2 g4 23. fxg4 Bxg4 24. Bxd6 Rf5 25. Nf2 Qg6 26.
Nxg4 Qxg4 27. Rh1 Rg5 28. Rh3 Rc8 29. Rf1 Rg6 30. Ba3 Rxc3 31. Qxc3 Nxe2
32. Qe1 Nf4+ 33. Rxf4 exf4 34. Qe8+ Kh7 35. Qe4 fxg3 36. Qxg4 Rxg4 37. Bc5
Rg5 38. Bxa7 Rxb5 39. Rxg3 Rb2+ 40. Kf3 Rxa2 41. Be3 b5 42. d4 b4 43. Ke4
b3 44. Bxh6 Kxh6 45. Rxb3 Ra4 46. Kf5 Bxd4 47. Rg3 Ra5+ 48. Ke4 Bf6 49. Rg2
Bg5 50. Rg4 Kg6 51. Rg2 Ra4+ 52. Ke5 Ra8 53. Ke4 Re8+ 54. Kd5 Kf5 55. Rf2+
Bf4 56. Rc2 Rd8+ 57. Kc4 Ke4 58. Re2+ Be3 59. Rc2 Rd7 60. Kc3 Rb7 61. Kc4
Rb8 62. Kc3 Kd5 63. Rg2 Bd4+ 64. Kd3 Rb3+ 65. Ke2 Re3+ 66. Kd2 Kc4 67. Re2
Ra3 68. Kc2 Rd3 69. Rg2 Rb3 70. Re2 Be3 71. Rg2 Ra3 72. Kb2 Ra8 73. Rc2+
Kb4 74. Re2 Re8 75. Kc2 Kc4 76. Re1 Re6 77. Re2 Kd4 78. Kd1 Ra6 79. Kc2
Rc6+ 80. Kb3 Kd3 81. Rb2 Bc1 82. Rb1 Rc8 83. Ka2 Bd2 84. Kb3 Ra8 85. Rb2
Ra1 86. Ra2 Rc1 87. Kb2 Rc8 88. Ra3+ Bc3+ 89. Ka2 Re8 90. Rb3 Re1 91. Rb1
Re5 92. Kb3 Rb5+ 1/2-1/2

[Event "83rd ch-FRA National B"]
[Site "Pau FRA"]
[Date "2008.08.12"]
[Round "2"]
[White "Benitah,Y"]
[Black "Cossin,S"]
[Result "1/2-1/2"]
[WhiteElo "2416"]
[BlackElo "2466"]
[EventDate "2008.08.11"]

1. d4 Nf6 2. c4 e6 3. Nc3 Bb4 4. Qc2 d5 5. cxd5 exd5 6. Bg5 O-O 7. e3 Nbd7
8. Bd3 h6 9. Bh4 c6 10. Nge2 Re8 11. O-O Nf8 12. a3 Bd6 13. h3 a5 14. Rad1
Bd7 15. Kh1 Be7 16. f3 Nh5 17. Bf2 Ne6 18. Ng3 Nxg3+ 19. Bxg3 Bh4 20. Qf2
Bxg3 21. Qxg3 Qg5 22. Qxg5 hxg5 23. Na4 Rad8 24. Nb6 g6 25. Kg1 Nc7 26.
Rfe1 Bf5 27. Kf2 Bxd3 28. Rxd3 Nb5 29. Rc1 f5 30. Rdd1 1/2-1/2

[Event "83rd ch-FRA National B"]
[Site "Pau FRA"]
[Date "2008.08.12"]
[Round "2"]
[White "Shoker,S"]
[Black "Edouard,R"]
[Result "1/2-1/2"]
[WhiteElo "2365"]
[BlackElo "2508"]
[EventDate "2008.08.11"]

1. g3 d5 2. Bg2 e5 3. d3 Nc6 4. c3 a5 5. Nf3 Nf6 6. O-O Be7 7. a4 O-O 8.
Bg5 h6 9. Bxf6 Bxf6 10. Nbd2 Be6 11. Qc2 Qd7 12. Rad1 Be7 13. e4 Rfd8 14.
exd5 Bxd5 15. Rfe1 Qf5 16. Re2 Bc5 17. Rde1 Ba7 18. Nh4 Qd7 19. Bxd5 Qxd5
20. Nc4 Qxd3 21. Qxd3 Rxd3 22. Nxe5 Nxe5 23. Rxe5 Kf8 24. Kg2 Bb6 25. R1e2
Rad8 26. Nf3 Rd1 27. Re1 Rxe1 28. Rxe1 f6 29. Re2 Rd1 30. Re1 Rd6 31. Re2
Rd1 32. Re1 Rd7 33. Re2 c6 34. Rd2 Ke7 35. Kf1 Ba7 36. Ke2 b5 37. Rxd7+
Kxd7 38. b3 Kd6 39. Nd2 Kd5 40. f3 f5 41. Kd3 Bg1 42. h3 Bf2 43. Nf1 g5 44.
g4 Ke5 45. Ke2 Bb6 46. Ng3 fxg4 47. hxg4 Bc5 48. Ne4 Ba3 49. Nf2 Be7 50.
Ne4 Ba3 1/2-1/2

[Event "83rd ch-FRA National B"]
[Site "Pau FRA"]
[Date "2008.08.12"]
[Round "2"]
[White "Vitoux,C"]
[Black "Kosten,A"]
[Result "1-0"]
[WhiteElo "2454"]
[BlackElo "2507"]
[EventDate "2008.08.11"]

1. e4 e5 2. Nf3 Nc6 3. d4 exd4 4. Nxd4 Nf6 5. Nxc6 bxc6 6. e5 Qe7 7. Qe2
Nd5 8. c4 Ba6 9. g3 O-O-O 10. b3 g5 11. h4 gxh4 12. Rxh4 Bg7 13. Bb2 Rde8
14. Rh5 f6 15. Qd2 Nb6 16. Qa5 Bb7 17. Nd2 fxe5 18. c5 e4 19. Bxg7 Qxg7 20.
O-O-O Nd5 21. Nc4 Rhf8 22. Rh2 e3 23. Re1 exf2 24. Rxe8+ Rxe8 25. Rxf2 Qd4
26. Qd2 Qa1+ 27. Kc2 Qxa2+ 28. Nb2 Ba6 29. Bxa6+ Qxa6 30. Nc4 Qa2+ 31. Nb2
Ne3+ 32. Kc3 Qa5+ 33. Kd4 Nf5+ 1-0

[Event "83rd ch-FRA National B"]
[Site "Pau FRA"]
[Date "2008.08.13"]
[Round "3"]
[White "Edouard,R"]
[Black "Lazarev,V"]
[Result "1/2-1/2"]
[WhiteElo "2508"]
[BlackElo "2482"]
[EventDate "2008.08.11"]

1. e4 c5 2. Nf3 Nc6 3. d4 cxd4 4. Nxd4 Qc7 5. Nc3 e6 6. Be3 a6 7. Qd2 Nf6
8. O-O-O Be7 9. f3 O-O 10. g4 b5 11. g5 Nh5 12. Nce2 f6 13. gxf6 Nxf6 14.
Nxc6 dxc6 15. Bh3 e5 16. Bxc8 Qxc8 17. Ng3 Rd8 18. Qa5 g6 19. Kb1 Qe6 20.
Rdg1 Kh8 21. h4 Rf8 22. h5 Nxh5 23. Nxh5 gxh5 24. Rxh5 Rxf3 25. Rgh1 Rf7
26. Rh6 Qc4 27. Qd2 Qxe4 28. Qh2 Rg8 29. Rh5 Rg2 30. Qxe5+ Qxe5 31. Rxe5
Rg6 32. a4 Kg8 33. Bc5 Bxc5 34. Rxc5 Kg7 35. Rh4 h6 36. Rd4 Re6 37. Ka2 Kg6
38. Rg4+ Kf6 39. Rg8 Ke7 40. Ra8 Rf4 41. Rxa6 Rxa4+ 42. Rxa4 bxa4 43. Ka3
1/2-1/2

[Event "83rd ch-FRA National B"]
[Site "Pau FRA"]
[Date "2008.08.13"]
[Round "3"]
[White "Govciyan,P"]
[Black "Vitoux,C"]
[Result "1/2-1/2"]
[WhiteElo "2411"]
[BlackElo "2454"]
[EventDate "2008.08.11"]

1. c4 Nf6 2. Nc3 g6 3. e4 c5 4. Nf3 Nc6 5. d4 cxd4 6. Nxd4 Bg7 7. Be3 O-O
8. Be2 b6 9. O-O Bb7 10. Nb3 d6 11. Rc1 Rc8 12. f3 Re8 13. Qd2 Ne5 14. Nd5
Ba6 15. Nxf6+ Bxf6 16. Qb4 Nc6 17. Qa3 Bb7 18. Rfd1 Qc7 19. Na1 Ne5 20. b4
Nd7 21. Nb3 Qb8 22. Nd4 a6 23. Bf1 Rc7 24. Ne2 Rec8 25. Nc3 b5 26. Nd5 Bxd5
27. cxd5 Qb7 28. Rxc7 Rxc7 29. Rc1 Nb8 30. Bd3 e6 31. dxe6 fxe6 32. Bc2 Qc8
33. Bb3 Kf7 34. Rd1 Ke7 35. f4 Rc3 36. Bf2 Nc6 37. e5 dxe5 38. fxe5 Nxe5
39. Qb2 Nd3 40. Qd2 Nxf2 41. Kxf2 Kf7 42. Qh6 Kg8 43. Rd6 Kh8 44. Rd7 Be7
45. Rxe7 Rc2+ 46. Bxc2 Qxc2+ 47. Ke1 Qe4+ 48. Kd1 Qg4+ 49. Kc2 Qc4+ 50. Kd1
1/2-1/2

[Event "83rd ch-FRA National B"]
[Site "Pau FRA"]
[Date "2008.08.13"]
[Round "3"]
[White "Collas,D"]
[Black "Bricard,E"]
[Result "1/2-1/2"]
[WhiteElo "2439"]
[BlackElo "2453"]
[EventDate "2008.08.11"]

1. e4 c5 2. Nf3 g6 3. d4 cxd4 4. Qxd4 Nf6 5. Nc3 Nc6 6. Qa4 d6 7. e5 dxe5
8. Nxe5 Bd7 9. Nxd7 Nxd7 10. Bb5 Bg7 11. Bxc6 bxc6 12. O-O O-O 13. Qxc6 Rc8
14. Qa4 Bxc3 15. bxc3 Qc7 16. Be3 1/2-1/2

[Event "83rd ch-FRA National B"]
[Site "Pau FRA"]
[Date "2008.08.13"]
[Round "3"]
[White "Prie,E"]
[Black "Benitah,Y"]
[Result "1/2-1/2"]
[WhiteElo "2526"]
[BlackElo "2416"]
[EventDate "2008.08.11"]

1. d4 d5 2. c4 c6 3. Nf3 Nf6 4. cxd5 cxd5 5. Nc3 a6 6. Bf4 g6 7. e3 Bg7 8.
h3 O-O 9. Be2 Nc6 10. O-O b5 11. Ne5 Bb7 12. Nxc6 Bxc6 13. Qb3 Nd7 14. Rfc1
e5 15. dxe5 Nxe5 16. Rd1 Nc4 17. Rab1 Ra7 18. Bf3 Rd7 19. Qc2 Ba8 20. Ne2
d4 21. Nxd4 Bxd4 22. Bxa8 Bxb2 23. Rxd7 Qxd7 24. Rd1 Qc8 25. Bd5 Bg7 26.
Rc1 Bb2 27. Rd1 Bg7 28. Rc1 Bb2 1/2-1/2

[Event "83rd ch-FRA National B"]
[Site "Pau FRA"]
[Date "2008.08.13"]
[Round "3"]
[White "Cossin,S"]
[Black "Shoker,S"]
[Result "1/2-1/2"]
[WhiteElo "2466"]
[BlackElo "2365"]
[EventDate "2008.08.11"]

1. c4 c5 2. Nc3 b6 3. g3 Bb7 4. e4 e6 5. Bg2 Nc6 6. Nge2 a6 7. O-O Qc7 8.
b3 Nf6 9. Bb2 d6 10. d4 cxd4 11. Nxd4 Be7 12. Rc1 Nxd4 1/2-1/2

[Event "83rd ch-FRA National B"]
[Site "Pau FRA"]
[Date "2008.08.13"]
[Round "3"]
[White "Kosten,A"]
[Black "Le Roux,JP"]
[Result "1-0"]
[WhiteElo "2507"]
[BlackElo "2490"]
[EventDate "2008.08.11"]

1. c4 e6 2. Nf3 d5 3. b3 Nf6 4. Bb2 Nc6 5. g3 d4 6. Bg2 Bc5 7. O-O O-O 8.
Na3 e5 9. d3 Re8 10. Nc2 Bf5 11. a3 a5 12. Nh4 Bg4 13. Qd2 e4 14. f3 e3 15.
Qe1 Bc8 16. f4 Ba7 17. b4 Ne7 18. c5 Rb8 19. Nxd4 Bd7 20. Nb3 b6 21. Bxf6
gxf6 22. Qc3 Be6 23. Nd4 bxc5 24. Nxe6 fxe6 25. bxc5 Nd5 26. Qxa5 Ra8 27.
d4 Qd7 28. Bxd5 Qxd5 29. Qc3 e5 30. fxe5 fxe5 31. Rad1 Rad8 32. Nf5 Kh8 33.
Qa5 Bb8 34. Qc3 Ba7 35. Qa5 Bb8 36. Qa4 Qe4 37. Qc4 Rd5 38. Rd3 exd4 39.
Rxd4 Rxd4 40. Qxd4+ Qxd4 41. Nxd4 Ba7 42. Ra1 Ra8 1-0

[Event "83rd ch-FRA National B"]
[Site "Pau FRA"]
[Date "2008.08.14"]
[Round "4"]
[White "Bricard,E"]
[Black "Edouard,R"]
[Result "1-0"]
[WhiteElo "2453"]
[BlackElo "2508"]
[EventDate "2008.08.11"]

1. d4 Nf6 2. Nf3 e6 3. g3 b5 4. Bg2 Bb7 5. Bg5 c5 6. Bxf6 Qxf6 7. c3 Qd8 8.
O-O Be7 9. Nbd2 O-O 10. a4 b4 11. c4 Bf6 12. Nb3 Na6 13. Qd3 Rc8 14. Rac1
Bc6 15. d5 Bxa4 16. Ra1 Bxb3 17. Rxa6 exd5 18. Qxb3 dxc4 19. Qxc4 d5 20.
Qa2 c4 21. b3 Qe7 22. e3 Qb7 23. Ra4 Qb6 24. Rb1 c3 25. Ra6 Qc7 26. Qc2 Qc5
27. Rba1 d4 28. exd4 Bxd4 29. R1a5 Bxf2+ 30. Kf1 Qe7 31. Kxf2 Rfe8 32. Re5
Qc7 33. Rxe8+ Rxe8 34. Ra2 Qc5+ 35. Kf1 a5 36. Qf2 Qf5 37. Re2 Rd8 38. Nd4
Qc5 39. Bc6 g6 40. Re8+ Rxe8 41. Bxe8 Qd5 42. Bc6 Qh5 43. Qe2 Qc5 44. Qe4
Qh5 45. h4 Qd1+ 46. Kg2 Qd2+ 47. Kh3 Qd1 48. Bb5 Kf8 49. Bc4 f5 50. Qb7 1-0

[Event "83rd ch-FRA National B"]
[Site "Pau FRA"]
[Date "2008.08.14"]
[Round "4"]
[White "Le Roux,JP"]
[Black "Benitah,Y"]
[Result "1/2-1/2"]
[WhiteElo "2490"]
[BlackElo "2416"]
[EventDate "2008.08.11"]

1. d4 d5 2. c4 c6 3. Nc3 Nf6 4. Nf3 dxc4 5. a4 Bf5 6. e3 e6 7. Bxc4 Bb4 8.
O-O O-O 9. Qe2 Nbd7 10. e4 Bg4 11. Rd1 Qa5 12. h3 Bh5 13. e5 Nd5 14. Nxd5
exd5 15. Bd3 f6 16. e6 Rfe8 17. Bxh7+ Kh8 18. Bf5 Nf8 19. Rd3 Qa6 20. Bd2
Bxd2 21. Qxd2 Nxe6 22. Re3 Nf8 23. Rb3 Bxf3 24. Rxf3 Re2 25. Qf4 Rae8 26.
Bd3 Re1+ 27. Rxe1 Rxe1+ 28. Kh2 Qb6 29. Rg3 Qd8 30. h4 Re7 31. h5 Qc7 32.
Qg4 Qd7 33. Bf5 Qd6 34. f4 Ne6 35. Qg6 Nf8 36. Qg4 Ne6 37. h6 g5 38. Bxe6
Qxe6 39. Qf3 Qe4 40. Qxe4 Rxe4 1/2-1/2

[Event "83rd ch-FRA National B"]
[Site "Pau FRA"]
[Date "2008.08.14"]
[Round "4"]
[White "Lazarev,V"]
[Black "Cossin,S"]
[Result "0-1"]
[WhiteElo "2482"]
[BlackElo "2466"]
[EventDate "2008.08.11"]

1. d4 Nf6 2. c4 g6 3. Nc3 Bg7 4. e4 d6 5. Nf3 O-O 6. Be2 e5 7. Be3 exd4 8.
Nxd4 Re8 9. f3 c6 10. Bf2 d5 11. exd5 cxd5 12. O-O Nc6 13. c5 Nh5 14. Qd2
Be5 15. g3 Ng7 16. Rfd1 a6 17. Bf1 Be6 18. Nde2 Ne7 19. Nf4 Qd7 20. Nfxd5
Nxd5 21. Nxd5 Rad8 22. Bc4 Nf5 23. Qc2 Qc6 24. Qb3 h5 25. Rd2 Nd4 26. Bxd4
Bxd5 27. Rad1 Bxc4 28. Qxc4 Qxf3 29. Qb3 Bxd4+ 30. Rxd4 Qxb3 31. axb3 Rxd4
32. Rxd4 Re1+ 33. Kf2 Rb1 34. Rb4 Rxb2+ 35. Ke3 Rc2 36. Kd4 Rd2+ 37. Ke5
Rd7 38. Rb6 Kf8 39. b4 Ke7 40. h4 Rc7 41. Kd5 Rd7+ 42. Ke5 Rc7 43. Kd5 Kd7
44. Ke5 Kc8 45. Kf6 Rd7 46. Kg7 Rd3 47. Kxf7 Rxg3 48. Rxg6 Rh3 49. Rb6 Kc7
50. Kg6 Rxh4 51. Kg5 Rh1 52. Kh6 Rb1 53. Kxh5 a5 54. Rb5 axb4 55. Kg4 Kc6
56. Rb6+ Kxc5 57. Rxb7 Rf1 0-1

[Event "83rd ch-FRA National B"]
[Site "Pau FRA"]
[Date "2008.08.14"]
[Round "4"]
[White "Shoker,S"]
[Black "Prie,E"]
[Result "0-1"]
[WhiteElo "2365"]
[BlackElo "2526"]
[EventDate "2008.08.11"]

1. g3 d5 2. Bg2 c6 3. d3 Bg4 4. Nd2 e6 5. f3 Bh5 6. e4 Bd6 7. Nh3 Nd7 8.
O-O Ne7 9. Qe1 Qc7 10. Nb3 O-O-O 11. Nf4 Bg6 12. a4 e5 13. Nxg6 hxg6 14.
Be3 d4 15. Bf2 c5 16. c3 Nc6 17. cxd4 cxd4 18. Qe2 Bb4 19. a5 a6 20. Be1
Kb8 21. Bxb4 Nxb4 22. Rfc1 Qd6 23. Nd2 Nc5 24. Nc4 Qe7 25. Ra3 Qg5 26. Rf1
Rh5 27. f4 exf4 28. Qd2 f3 29. Bxf3 Qxd2 30. Nxd2 Re5 31. Be2 f5 32. Nf3
Re7 33. Rc1 Ncxd3 34. Bxd3 fxe4 35. Re1 Rde8 36. Bc4 Nc2 37. Rb3 Nxe1 38.
Nxe1 d3 39. Ng2 Rf8 40. Nf4 Rc7 41. Rb4 d2 42. Be2 g5 43. Ne6 Rc1+ 44. Kg2
Re1 45. Bxa6 Rf7 46. Rd4 d1=Q 47. Rxd1 Rxd1 48. Bc4 g4 49. b3 Rd2+ 0-1

[Event "83rd ch-FRA National B"]
[Site "Pau FRA"]
[Date "2008.08.14"]
[Round "4"]
[White "Vitoux,C"]
[Black "Collas,D"]
[Result "1-0"]
[WhiteElo "2454"]
[BlackElo "2439"]
[EventDate "2008.08.11"]

1. e4 c5 2. Nf3 Nc6 3. d4 cxd4 4. Nxd4 Nf6 5. Nc3 e5 6. Ndb5 d6 7. Bg5 a6
8. Na3 b5 9. Bxf6 gxf6 10. Nd5 f5 11. Bxb5 axb5 12. Nxb5 Ra4 13. b4 Rxb4
14. Nbc7+ Kd7 15. O-O Rg8 16. Nxb4 Nxb4 17. c3 Nc2 18. Nd5 Nxa1 19. Qa4+
Ke6 20. f4 f6 21. Rxa1 fxe4 22. Rb1 Kxd5 23. f5 Qc7 24. Rb5+ Kc6 25. Rb8+
Kd5 1-0

[Event "83rd ch-FRA National B"]
[Site "Pau FRA"]
[Date "2008.08.15"]
[Round "5"]
[White "Edouard,R"]
[Black "Vitoux,C"]
[Result "1-0"]
[WhiteElo "2508"]
[BlackElo "2454"]
[EventDate "2008.08.11"]

1. e4 e6 2. d4 d5 3. Nc3 Bb4 4. e5 Ne7 5. a3 Bxc3+ 6. bxc3 b6 7. Bd3 Ba6 8.
Nf3 Bxd3 9. cxd3 c5 10. a4 Nd7 11. O-O O-O 12. Ba3 Nc6 13. Re1 Qc7 14. Bc1
Na5 15. Ng5 cxd4 16. cxd4 Rfc8 17. Be3 h6 18. Nh3 Nf8 19. Qg4 Ng6 20. Nf4
Nxf4 21. Bxf4 Kh7 22. Rad1 Qd7 23. Re3 Qxa4 24. Rg3 Rg8 25. Qh5 Qe8 26. Qh4
Rc8 27. Bg5 Nc6 28. Rh3 Qf8 29. Kf1 Rc7 30. Rc1 b5 31. f4 b4 32. f5 exf5
33. Qf4 b3 34. e6 Rc8 35. exf7 Qxf7 36. Bxh6 g5 37. Bf8+ 1-0

[Event "83rd ch-FRA National B"]
[Site "Pau FRA"]
[Date "2008.08.15"]
[Round "5"]
[White "Prie,E"]
[Black "Lazarev,V"]
[Result "0-1"]
[WhiteElo "2526"]
[BlackElo "2482"]
[EventDate "2008.08.11"]

1. d4 Nf6 2. Nf3 d5 3. a3 e6 4. Bg5 c5 5. c3 Nbd7 6. Nbd2 Qc7 7. e3 b6 8.
Bb5 a6 9. Ba4 b5 10. Bc2 Bb7 11. O-O Bd6 12. Qb1 h6 13. Bxf6 Nxf6 14. b4 c4
15. a4 O-O 16. a5 Qc6 17. Rd1 Rad8 18. h3 Ne4 19. Nxe4 dxe4 20. Ne5 Bxe5
21. dxe5 Rd5 22. Rd4 Rxe5 23. Qe1 f5 24. Rad1 Rd5 25. Rxd5 exd5 26. Qd2 Qf6
27. Qd4 Qxd4 28. Rxd4 g5 29. Bd1 Kf7 30. f4 exf3 31. gxf3 Ke6 32. f4 Rg8
33. Kf2 g4 34. h4 Kf6 35. Rd2 g3+ 36. Kg1 Re8 37. Re2 Re7 38. Bc2 d4 39.
cxd4 Bf3 40. Re1 Kg6 41. Kf1 Kf6 42. Kg1 Rc7 43. Rc1 Ke6 44. Rf1 Bd5 45.
Rc1 Rg7 46. Bd1 g2 47. Bh5 Be4 48. Bd1 Rg3 49. Bc2 Rh3 50. Kf2 Rh1 0-1

[Event "83rd ch-FRA National B"]
[Site "Pau FRA"]
[Date "2008.08.15"]
[Round "5"]
[White "Cossin,S"]
[Black "Bricard,E"]
[Result "1/2-1/2"]
[WhiteElo "2466"]
[BlackElo "2453"]
[EventDate "2008.08.11"]

1. d4 d5 2. c4 e6 3. Nf3 Nf6 4. Nc3 Nbd7 5. cxd5 exd5 6. Bg5 Be7 7. e3 c6
8. Qc2 Nh5 9. h4 h6 10. Bxe7 Qxe7 11. O-O-O Nb6 12. Ne5 Nf6 13. Kb1 Be6 14.
Bd3 Nfd7 15. Nxd7 Qxd7 16. Ne2 O-O-O 17. Nc1 Qd6 18. Nb3 Nd7 19. Rc1 Kb8
20. Qe2 Rc8 21. Qf3 b6 1/2-1/2

[Event "83rd ch-FRA National B"]
[Site "Pau FRA"]
[Date "2008.08.15"]
[Round "5"]
[White "Govciyan,P"]
[Black "Le Roux,JP"]
[Result "0-1"]
[WhiteElo "2411"]
[BlackElo "2490"]
[EventDate "2008.08.11"]

1. d4 Nf6 2. c4 g6 3. Nc3 d5 4. Bf4 Bg7 5. e3 c5 6. dxc5 Qa5 7. Rc1 dxc4 8.
Bxc4 O-O 9. Nge2 Qxc5 10. Qb3 Qa5 11. O-O Nc6 12. h3 Ne5 13. Nd5 Nxd5 14.
Bxd5 Bd7 15. Rfd1 Rad8 16. Qxb7 Bc8 17. Qb3 Ba6 18. Bxe5 Bxe2 19. Bxf7+
Rxf7 20. Rxd8+ Qxd8 21. Qe6 Bxe5 22. Rc8 Qxc8 23. Qxc8+ Kg7 24. Qc2 Ba6 25.
f4 Bf6 26. Qa4 Bb7 27. Qxa7 e5 28. g3 exf4 29. gxf4 Rd7 30. Qa4 Rd2 31. e4
Bd4+ 32. Kf1 Bxe4 33. Qd7+ Kh6 34. Qd8 Bd3+ 35. Ke1 Re2+ 36. Kd1 Re4 37.
Kd2 Bf1 38. Qd5 Rxf4 39. b4 Bf6 40. Qc5 Rf5 41. Qc7 Rf2+ 42. Ke3 Rxa2 43.
h4 Re2+ 44. Kf3 Re5 45. h5 Be2+ 46. Kg3 Bxh5 47. b5 Rg5+ 48. Kh3 Bg4+ 49.
Kg2 Be6+ 50. Kf1 Rxb5 51. Qd6 Bc4+ 52. Kg1 Rg5+ 53. Kf2 Kg7 54. Qd7+ Bf7
55. Kf3 h5 56. Kf2 h4 57. Kf1 Rd5 58. Qc8 Rd3 59. Qc7 Rc3 60. Qd7 h3 61.
Qd6 Rc2 62. Kg1 Re2 63. Qd1 Rg2+ 64. Kh1 Ra2 65. Qd6 g5 66. Qc5 Rd2 67. Qc7
Kg6 0-1

[Event "83rd ch-FRA National B"]
[Site "Pau FRA"]
[Date "2008.08.16"]
[Round "6"]
[White "Vitoux,C"]
[Black "Cossin,S"]
[Result "1/2-1/2"]
[WhiteElo "2454"]
[BlackElo "2466"]
[EventDate "2008.08.11"]

1. e4 d6 2. d4 g6 3. Nc3 Bg7 4. Be3 Nf6 5. f3 O-O 6. Qd2 c6 7. O-O-O b5 8.
Kb1 Nbd7 9. Bh6 Nb6 10. Bxg7 Kxg7 11. g4 Rb8 12. b3 Qc7 13. h4 e5 14. h5 b4
15. Nce2 c5 16. d5 a5 17. Ng3 Ng8 18. g5 a4 19. f4 Bg4 20. Be2 exf4 21.
Qxf4 Bxe2 22. N1xe2 Qe7 23. Rh3 Nd7 24. Rdh1 h6 25. gxh6+ Kh7 26. Ng1 Ne5
27. R3h2 Qf6 28. Qxf6 Nxf6 29. hxg6+ fxg6 30. Nh3 Nfd7 31. Ng5+ Kh8 32. Nf1
a3 33. Ne3 Rf4 34. Rh4 Rxh4 35. Rxh4 Rf8 36. c3 Nf3 37. Nxf3 Rxf3 38. Nc4
Rf6 39. Rh2 Kh7 40. Kc2 g5 41. Ne3 Rf3 42. Nf5 Rxc3+ 43. Kb1 g4 44. Nxd6
Rh3 45. Rg2 Rh1+ 46. Kc2 Ne5 47. Nc4 Ra1 48. Rg3 Nxc4 49. bxc4 Rxa2+ 50.
Kb1 Rb2+ 51. Ka1 Re2 52. Rxg4 Kxh6 53. d6 Kh5 54. Rg1 Rxe4 55. Rd1 Re8 56.
Ka2 Kg6 57. d7 Rd8 58. Kb3 Kf6 59. Rd5 Ke6 60. Rxc5 Rxd7 61. Ra5 Rb7 62.
Ra8 Kd6 63. Ra6+ Kc5 64. Ra5+ Kc6 65. Ra6+ Rb6 66. Ra7 1/2-1/2

[Event "83rd ch-FRA National B"]
[Site "Pau FRA"]
[Date "2008.08.16"]
[Round "6"]
[White "Lazarev,V"]
[Black "Benitah,Y"]
[Result "1/2-1/2"]
[WhiteElo "2482"]
[BlackElo "2416"]
[EventDate "2008.08.11"]

1. d4 d5 2. c4 c6 3. Nf3 Nf6 4. Qb3 e6 5. Bg5 Nbd7 6. Nc3 Qa5 7. cxd5 exd5
8. e3 Bd6 9. Bd3 Ne4 10. O-O Nxg5 11. Nxg5 h6 12. Nf3 Nf6 1/2-1/2

[Event "83rd ch-FRA National B"]
[Site "Pau FRA"]
[Date "2008.08.16"]
[Round "6"]
[White "Bricard,E"]
[Black "Prie,E"]
[Result "1/2-1/2"]
[WhiteElo "2453"]
[BlackElo "2526"]
[EventDate "2008.08.11"]

1. d4 d5 2. c4 c6 3. Nf3 Nf6 4. Nc3 a6 5. a4 e6 6. g3 dxc4 7. Bg5 c5 8.
Bxf6 Qxf6 9. d5 exd5 10. Nxd5 Qd6 11. Bg2 Nc6 12. Nd2 Na5 13. Qc2 Be6 14.
Nf4 O-O-O 15. Nxe6 Qxe6 16. Rd1 Be7 17. e3 Kb8 18. O-O g6 19. Qc3 b6 20.
Qc2 Rd7 21. Nb1 Rhd8 22. Rxd7 Rxd7 23. Qe2 Kc7 24. Rc1 f5 25. Na3 Bf6 26.
h4 Nb3 27. Rc2 Na5 28. Nxc4 Nxc4 29. Rxc4 Rd4 1/2-1/2